000 01295nam a22002537a 4500
005 20100605102842.0
008 100605t xxu||||| |||| 00| 0 hin d
010 _aHIN-89497
020 _a9788171247141
_c600.00
035 _aHN-61843
037 _bDBAD / PUB
040 _aDPL
_bHN
082 _a808.883
245 _aसबद शिल्पीः डॉ. शुकदेव सिंह /
_cसंत विवेकदास ;रामदरश मिश्र एवं भगवन्ती सिंह द्वारा संपादित
246 _aSabada Shilpi: Shukdeo Singh
_bEd by Sant Vivekdas Acharya
260 _aवाराणसी
_bविश्वविद्यालय प्रकाशन
_c2009
270 _aपो.बॉ 1149, विशालाक्षी भवन, चौक
_bवाराणसी
_e221001
300 _axxiv,508पृ
_c22सेमी (सजिल्द)
700 _aसंत विवेकदास
_923014
700 _aमिश्र, रामदरश
_923015
700 _aभगवन्ती सिंह
_923016
942 _2ddc
_cHN
_mसबद
_h808.883
999 _c36583
_d36583